The Alchemist / (Record no. 11007)
[ view plain ]
| 000 -LEADER | |
|---|---|
| fixed length control field | 01977cam a2200385 a 4500 |
| 001 - CONTROL NUMBER | |
| control field | 4908569 |
| 005 - DATE AND TIME OF LATEST TRANSACTION | |
| control field | 20181119123348.0 |
| 008 - FIXED-LENGTH DATA ELEMENTS--GENERAL INFORMATION | |
| fixed length control field | 941123s2002 enkb fr 000 1deng d |
| 010 ## - LIBRARY OF CONGRESS CONTROL NUMBER | |
| LC control number | 94045312 |
| 020 ## - INTERNATIONAL STANDARD BOOK NUMBER | |
| International Standard Book Number | 9780007155668 |
| 020 ## - INTERNATIONAL STANDARD BOOK NUMBER | |
| International Standard Book Number | 0007155662 |
| 040 ## - CATALOGING SOURCE | |
| Original cataloging agency | DLC |
| Language of cataloging | eng |
| Transcribing agency | DLC |
| Modifying agency | DLC |
| -- | EG-ScBUE |
| 041 1# - LANGUAGE CODE | |
| Language code of text/sound track or separate title | eng |
| Language code of original and/or intermediate translations of text | por |
| 082 04 - DEWEY DECIMAL CLASSIFICATION NUMBER | |
| Classification number | 869.3 |
| Item number | COE |
| Edition number | 22 |
| 100 1# - MAIN ENTRY--PERSONAL NAME | |
| Personal name | Coelho, Paulo. |
| 9 (RLIN) | 7189 |
| 240 10 - UNIFORM TITLE | |
| Uniform title | <a href="Diário de um mago.">Diário de um mago.</a> |
| Language of a work | English |
| 245 14 - TITLE STATEMENT | |
| Title | The Alchemist / |
| Statement of responsibility, etc | Paulo Coelho ; translated by Alan R. Clarke. |
| 246 34 - VARYING FORM OF TITLE | |
| Title proper/short title | Alchemist : a fabel about following your dream |
| 250 ## - EDITION STATEMENT | |
| Edition statement | 1st ed. |
| 260 ## - PUBLICATION, DISTRIBUTION, ETC. (IMPRINT) | |
| Place of publication, distribution, etc | London : |
| Name of publisher, distributor, etc | Harper / Harper Collins publishers : |
| -- | Thorsons / Harper Collins publishers, |
| Date of publication, distribution, etc | 2002. |
| 300 ## - PHYSICAL DESCRIPTION | |
| Extent | 177 p. : |
| Other physical details | 1 map ; |
| Dimensions | 20 cm. |
| 500 ## - GENERAL NOTE | |
| General note | Originally published in Portuguese: Rio de Janeiro : Editora Rocco, c1987; and translated into English under the title: The diary of a magus. c1992. |
| 520 ## - SUMMARY, ETC. | |
| Summary, etc | An Andalusian shepherd boy named Santiago travels from his<br/>homeland in Spain to the Egyptian desert in search of a treasure buried in the Pyramids. Along the way he meets a <br/>Gypsy woman, a man who calls himself king, and an alchemist, all of whom point Santiago in the direction of <br/>his quest. No one knows what the treasure is, or if Santiago will be able to surmount the obstacles along the way. But what starts out as a journey to find worldly goods turns into a discovery of the treasures found within. |
| 600 10 - SUBJECT ADDED ENTRY--PERSONAL NAME | |
| Personal name | Coelho, Paulo. |
| 9 (RLIN) | 9472 |
| 650 #7 - SUBJECT ADDED ENTRY--TOPICAL TERM | |
| Topical term or geographic name as entry element | Alchemists |
| Form subdivision | Fiction. |
| Source of heading or term | BUEsh |
| 9 (RLIN) | 24362 |
| 650 #7 - SUBJECT ADDED ENTRY--TOPICAL TERM | |
| Topical term or geographic name as entry element | Shepherds |
| Form subdivision | Fiction. |
| Source of heading or term | BUEsh |
| 650 #7 - SUBJECT ADDED ENTRY--TOPICAL TERM | |
| Topical term or geographic name as entry element | Young men |
| Form subdivision | Fiction. |
| Source of heading or term | BUEsh |
| 650 #7 - SUBJECT ADDED ENTRY--TOPICAL TERM | |
| Topical term or geographic name as entry element | Self-realization |
| Form subdivision | Fiction. |
| Source of heading or term | BUEsh |
| 651 #7 - SUBJECT ADDED ENTRY--GEOGRAPHIC NAME | |
| Geographic name | Andalusia (Spain) |
| Form subdivision | Fiction. |
| Source of heading or term | BUEsh |
| 653 ## - INDEX TERM--UNCONTROLLED | |
| Resource For college | Humanities: English |
| -- | Generalities |
| Arrived date list | November2018 |
| BestSellers | Best Sellers |
| 655 ## - INDEX TERM--GENRE/FORM | |
| Form subdivision | Reading book |
| 700 1# - ADDED ENTRY--PERSONAL NAME | |
| Personal name | Clarke, Alan |
| Fuller form of name | (Alan R.), |
| Relator term | translator. |
| 9 (RLIN) | 9474 |
| 856 42 - ELECTRONIC LOCATION AND ACCESS | |
| Materials specified | Publisher description |
| Uniform Resource Identifier | <a href="http://www.loc.gov/catdir/enhancements/fy0653/94045312-d.html">http://www.loc.gov/catdir/enhancements/fy0653/94045312-d.html</a> |
| 942 ## - ADDED ENTRY ELEMENTS (KOHA) | |
| Source of classification or shelving scheme | Dewey Decimal Classification |
| Withdrawn status | Item status | Source of classification or shelving scheme | Materials specified (bound volume or other part) | Damaged status | Not for loan | Vendor | Home library | Current library | Shelving location | Date acquired | Source of acquisition | Total Checkouts | Total Renewals | Full call number | Barcode | Date last seen | Date last borrowed | Koha item type |
|---|---|---|---|---|---|---|---|---|---|---|---|---|---|---|---|---|---|---|
| Dewey Decimal Classification | BOX05 | Damaged | Alahram | Central Library | Central Library | Second Floor | 04/03/2009 | Purchase | 29 | 126 | 869.3 COE | 000015268 | 18/09/2018 | 16/08/2017 | Book - Borrowing | |||
| Dewey Decimal Classification | Baccah | Central Library | Central Library | Second Floor | 19/11/2018 | Purchase | 10 | 77 | 869.3 COE | 000044005 | 15/07/2025 | 23/01/2024 | Book - Borrowing |